000 00636nam a2200241 a 4500
001 BRL_29
005 20190320210546.0
008 721213s1965 nyua######---#000-0#eng-#
040 _aDLC
_cDLC
_dDLC
041 _aeng
044 _anyu
050 4 _aHQ518
_b.M43 1965
100 1 _aMead, Margaret
_922692
245 1 0 _aFamily
_cby Margaret Mead and Ken Heyman.
260 _aNueva York
_bMacmillan
_cc1965
300 _a208 p.
_bil.
_c29 cm.
500 _aIncluye índice de imágenes
500 _aAu61
650 1 4 _aFamilias
_vObras pictóricas
_922693
700 1 _aHeyman, Ken
_ecoaut.
_922694
902 _aGRL
942 _2lcc
_cB
999 _c8842
_d8842